MARC details
| 000 -CABECERA |
| campo de control de longitud fija |
01219nam a2200289 a 4500 |
| 001 - NÚMERO DE CONTROL |
| campo de control |
000026280 |
| 005 - FECHA Y HORA DE LA ÚLTIMA TRANSACCIÓN |
| campo de control |
20240520190011.0 |
| 008 - DATOS DE LONGITUD FIJA--INFORMACIÓN GENERAL |
| campo de control de longitud fija |
110309s1993 dr acd 001 0cspa d |
| 040 ## - FUENTE DE LA CATALOGACIÓN |
| Centro catalogador/agencia de origen |
DO-SdBNP |
| Lengua de catalogación |
spa |
| Centro/agencia transcriptor |
BNPHU |
| 082 ## - NÚMERO DE LA CLASIFICACIÓN DECIMAL DEWEY |
| Número de clasificación |
291.0922 |
| Número de documento/Ítem |
P933a |
| 100 1# - ENTRADA PRINCIPAL--NOMBRE DE PERSONA |
| Nombre de persona |
Prieto Nouel, Luis José Américo, |
| Fechas asociadas al nombre |
1949- |
| 9 (RLIN) |
53306 |
| 245 10 - MENCIÓN DE TÍTULO |
| Título |
Arzobispo Adolfo Alejandro Nouel y Bobadilla y su familia : |
| Resto del título |
investigación genealógica / |
| Mención de responsabilidad, etc. |
Luis José Américo Prieto Nouel. |
| 260 ## - PUBLICACIÓN, DISTRIBUCIÓN, ETC. |
| Lugar de publicación, distribución, etc. |
Santo Domingo : |
| Nombre del editor, distribuidor, etc. |
Taller, |
| Fecha de publicación, distribución, etc. |
1993. |
| 300 ## - DESCRIPCIÓN FÍSICA |
| Extensión |
615 p. : |
| Otras características físicas |
il., retrs. ; |
| Dimensiones |
23 cm. |
| 490 1# - MENCIÓN DE SERIE |
| Mención de serie |
Instituto Dominicano de Genealogía |
| Designación de volumen o secuencia |
4 |
| 590 ## - NOTA LOCAL (RLIN) |
| Nota local |
La biblioteca posee dos ejemplares autografiados. |
| 590 ## - NOTA LOCAL (RLIN) |
| Nota local |
Inventariado, 2018/VM |
| 500 ## - NOTA GENERAL |
| Nota general |
Incluye datos biográficos del autor en la solapa de la cubierta. |
| 600 14 - PUNTO DE ACCESO ADICIONAL DE MATERIA--NOMBRE DE PERSONA |
| Nombre de persona |
NOUEL Y BOBADILLA, ADOLFO ALEJANDRO, |
| Fechas asociadas al nombre |
1862-1937, |
| Subdivisión de forma |
FAMILIA |
| 9 (RLIN) |
53307 |
| 600 14 - PUNTO DE ACCESO ADICIONAL DE MATERIA--NOMBRE DE PERSONA |
| Nombre de persona |
NOUEL Y BOBADILLA (FAMILIA) |
| Subdivisión general |
GENEALOGÍA |
| 9 (RLIN) |
53308 |
| 650 #0 - PUNTO DE ACCESO ADICIONAL DE MATERIA--TÉRMINO DE MATERIA |
| Término de materia o nombre geográfico como elemento de entrada |
Clero |
| 9 (RLIN) |
19068 |
| 650 #4 - PUNTO DE ACCESO ADICIONAL DE MATERIA--TÉRMINO DE MATERIA |
| Término de materia o nombre geográfico como elemento de entrada |
Iglesia católica |
| Subdivisión geográfica |
República Dominicana |
| Subdivisión general |
Historia |
| 9 (RLIN) |
358 |
| 651 #4 - PUNTO DE ACCESO ADICIONAL DE MATERIA--NOMBRE GEOGRÁFICO |
| Nombre geográfico |
República Dominicana |
| Subdivisión general |
Genealogía |
| 9 (RLIN) |
2157 |
| 650 #4 - PUNTO DE ACCESO ADICIONAL DE MATERIA--TÉRMINO DE MATERIA |
| Término de materia o nombre geográfico como elemento de entrada |
Parentesco |
| 9 (RLIN) |
2156 |
| 830 #0 - PUNTO DE ACCESO ADICIONAL DE SERIE-TÍTULO UNIFORME |
| Título uniforme |
Instituto Dominicano de Genealogía |
| Número de parte o sección de la obra |
4 |
| 9 (RLIN) |
53309 |
| 910 ## - DATOS DE OPCIÓN DEL USUARIO (OCLC) |
| Datos de opción del usuario |
Validado. Control de calidad EMS |